| 000 | 00555nam a22002291a 4500 | ||
|---|---|---|---|
| 001 | 479 | ||
| 003 | OSt | ||
| 005 | 20260204211654.0 | ||
| 008 | 031127s1992||||mx ||||||b||||||||||spa|| | ||
| 020 | _a9701002024 | ||
| 050 | _a621.31042 F576m | ||
| 082 | _a621.31042 F576m | ||
| 100 | _aFitzgerald, A. E | ||
| 245 | _aMáquinas eléctricas / A. E. Fitzgerald | ||
| 250 | _a2 | ||
| 264 | _aMéxico : McGraw-Hill | ||
| 300 | _a670 p | ||
| 500 | _aIncluye indice | ||
| 650 | _a1.Máquinas Eléctricas | ||
| 700 | _aUmans, Stephen D.Ì | ||
| 942 |
_2ddc _cBK |
||
| 999 |
_c479 _d479 |
||